000 00565nam a2200193Ia 4500
008 151121s9999||||xx |||||||||||||| ||und||
082 _a813/रोहेक
082 _bHNW-40480
100 _aरोहेकर ए।ना।
245 _aहिंदोल
260 _b"पराग प्रकाशन, मुंबई।"
260 _c--
300 _a136
600 _aरोहेकर ए।ना।
630 _aहिंदोल
700 _aरोहेकर ए।ना।
730 _aहिंदोल
942 _cBOOK
999 _c1230018
_d1230015